Integrated Approach to Software Engineering/ (Record no. 35737)

MARC details
000 -LEADER
fixed length control field 00456nam a22001577a 4500
005 - DATE AND TIME OF LATEST TRANSACTION
control field 20240509114615.0
008 - FIXED-LENGTH DATA ELEMENTS--GENERAL INFORMATION
fixed length control field 240509b |||||||| |||| 00| 0 eng d
020 ## - INTERNATIONAL STANDARD BOOK NUMBER
ISBN 81-85198-63-2
082 ## - DEWEY DECIMAL CLASSIFICATION NUMBER
Classification number 005.1
Item number JAL-I
100 ## - MAIN ENTRY--AUTHOR
Author Name Jalote; Pankaj
245 ## - TITLE STATEMENT
Title Integrated Approach to Software Engineering/
Statement of responsibility, etc. Pankaj Jalote
260 ## - PUBLICATION, DISTRIBUTION, ETC.
Place of Publication India;
Name of publisher, distributor, etc. Narosa Publishing House;
Date of publication, distribution, etc. 1993
300 ## - PHYSICAL DESCRIPTION
Pages xiv, 363 p.:
500 ## - GENERAL NOTE
General note Include Appendix.
300 ## - PHYSICAL DESCRIPTION
-- ill;
-- 21.5 cm.
952 ## - LOCATION AND ITEM INFORMATION (KOHA)
-- 0
-- 0
Holdings
Lost status Damaged status Collection code Permanent Location Current Location Shelving Location Date acquired Full Call Number Accession No./Barcode Date last seen item type Koha item type
    CS/IT Superior Information Resource Center (SIRC) Superior University - City Campus Superior Information Resource Center (SIRC) Superior University - City Campus Computer Science 05/09/2024 005.1 JAL-I 1993 6125 05/09/2024 BOOK BOOK

Powered by Koha